000 00486nam a2200169Ia 4500
008 090124s9999 xx 000 0 und d
082 _b6480
_a88
100 _aकाणेकर अनंत
245 _a हिरवे कंदिल
250 _a1
260 _c1944
600 _aकाणेकर अनंत
630 _a हिरवे कंदिल
700 _aकाणेकर अनंत
730 _a हिरवे कंदिल
942 _cBOOK
999 _c120421
_d120421